| 000 | 01099nam a2200229Ia 4500 | ||
|---|---|---|---|
| 999 |
_c40321 _d40321 |
||
| 001 | 6929 | ||
| 003 | GE_BSU | ||
| 005 | 20200206163551.0 | ||
| 008 | 181216s1991||||ge |||||||||||||| ||g || | ||
| 040 | _cGE_BSU | ||
| 041 | _ageo | ||
| 080 | _a821.353.1-312.4 გ-97 | ||
| 100 |
_aგურგუჩიანი, ზაზა. _96842 |
||
| 245 |
_aსისხლიანი სტერლინგები : _bდეტექტიური რომანი / _cზაზა გურგუჩიანი ; რედ. მანანა ასათიანი ; მხატვ. მ. დედანაშვილი. |
||
| 264 |
_aთბილისი : _bმერანი, _c1991. |
||
| 300 |
_a285 გვ. : _b1 ფ. ილ. ; _c20 სმ. |
||
| 653 | _aდეტექტიური რომანი | ||
| 653 | _aსისხლიანი სტერლინგები | ||
| 700 |
_aასათიანი, მანანა _eრედაქტორი _96170 |
||
| 700 |
_aდედანაშვილი, მ. _eმხატვარი _96843 |
||
| 942 |
_cBK _2udc |
||